000 00445nam a2200181Ia 4500
005 20250423094853.0
008 250422s9999 xx 000 0 und d
020 _a1854315277
050 _aKM 31 .C8/
100 _aCumper Peter
245 0 _aConstitutional and Administrative Law.
260 _aEngland
260 _bBlackstone.
260 _c1997
300 _a469 p
650 _aConsstitutional and Administrative Law.
942 _cBK
999 _c28547
_d28547